Melanie Martinez - Pity Party Lyrics - Statistics

General Stats
  • This quiz has been taken 2,263 times
    2,244 since last reset
  • The average score is 290 of 346
Answer Stats
Lyric % Correct
I
99%
my
98%
a
96%
it
96%
It
96%
party
96%
cry
95%
Cry
95%
in
95%
to
95%
if
94%
it's
94%
It's
94%
want
94%
and
92%
the
92%
I'll
90%
me
90%
on
89%
do
87%
pity
86%
what
86%
is
85%
Did
84%
why
84%
for
83%
hell
83%
letter
83%
Maybe
83%
no
83%
this
83%
cake
82%
feel
82%
here
82%
joke
82%
Tell
82%
all
81%
burn
81%
heart
81%
invitations
81%
one
81%
Whatever
81%
whatever
81%
place
80%
candles
79%
cruel
79%
cursive
79%
every
79%
flames
79%
more
79%
until
79%
better
78%
Forever
78%
forever
78%
Just
77%
put
77%
down
76%
make
76%
means
76%
disappear?
75%
there's
75%
way
74%
party's
73%
them
60%
Why'd
60%
knew
59%
spell
59%
well
59%
out
58%
that
58%
I'm
57%
of
56%
crying
53%
casted
52%
wouldn't
52%
dying
51%
like
51%
holds
50%
laughing
50%
feels
49%
decorations
48%
trapped
48%
have
47%
inside
47%
pastel
45%
told
43%
been
41%
ribbons
41%
were
41%
Or
28%
AAAAAAHHHHHHHH!
25%
No matching quizzes found
Score Distribution
Percent of People with Each Score
Percentile by Number Answered
Your Score History
You have not taken this quiz since the last reset